[Event "GCT Cote d Ivoire Blitz 2019"]
[Site "Abidjan"]
[Date "2019.05.12"]
[Round "12"]
[White "Nakamura, Hikaru"]
[Black "Vachier-Lagrave, Maxime"]
[Result "1-0"]
[WhiteElo "2805"]
[BlackElo "2792"]
[Annotator "TA"]
[PlyCount "79"]
[EventDate "2019.05.05"]
[EventType "tourn"]
[EventCountry "IVO"]
[SourceTitle "playchess.com"]
[Source "ChessBase"]
[SourceQuality "1"]

{[%evp 16,78,13,12,14,19,24,25,23,16,20,22,32,28,48,49,47,31,32,32,37,27,39,28,47,15,53,33,93,52,66,56,97,94,130,120,283,275,389,383,293,206,399,451,416,385,370,394,329,352,2210,2141,1777,1568,29983,29984,29988,29989,29994,29995,29995,29996,29996,29997,29997]} 1. e4 c5 2. Nc3 d6 3. Nf3 Nf6 4. h3 g6 5. d4 cxd4 6. Nxd4 Bg7 7. g3 Nc6 8. Be3 O-O 9. Bg2 Nxd4 {B34: Sicilian: Accelerated Dragon with 5 Nc3: sidelines} 10. Bxd4 Be6 11. O-O a6 {White has an edge.} 12. Re1 Rc8 13. Nd5 Bxd5 14. exd5 {[#]} Nd7 $146 ({Predecessor:} 14... Re8 15. Re2 Nd7 16. Bxg7 Kxg7 17. Qd4+ Nf6 {1-0 (28) Mista,A (2609)-Areshchenko,A (2701) Warsaw 2014}) 15. Bxg7 Kxg7 16. c3 Re8 17. Qd4+ Kg8 18. Re2 Qb6 19. Qh4 Ne5 20. Kh2 Kg7 21. Rd1 Rc4 (21... h6 $14) 22. Qg5 h6 23. Qd2 Rc7 24. Rde1 Qb5 {[#]} 25. f4 $1 {[%cal Rf4e5]} Nc4 $2 (25... Nd7 $16 {was worth a try.}) 26. Qd4+ $18 Kg8 (26... f6 $142 27. b3 Na3) 27. b3 Nb6 28. c4 Qa5 $2 {[#]} (28... Qc5 29. Qxc5 dxc5) 29. f5 $1 {[%mdl 512]} g5 (29... gxf5 30. Rf1) 30. f6 Nd7 31. fxe7 Ne5 {[#]} 32. c5 $1 {[%cal Rc5d6][%mdl 512]} Ng6 $2 (32... Qxc5 33. Qxc5 Rxc5 34. Rxe5 Kg7) 33. cxd6 Rd7 34. Qf6 Qb6 35. Rf1 {White mates.} Nh8 {[#]} 36. Re6 $1 {[%mdl 512]} fxe6 37. Qf8+ Rxf8 38. exf8=Q+ Kh7 39. Be4+ Ng6 {Accuracy: White = 64%, Black = 13%.} 40. Bxg6+ 1-0

[Event "GCT Cote d Ivoire Blitz 2019"]
[Site "Abidjan"]
[Date "2019.05.12"]
[Round "12"]
[White "Nepomniachtchi, Ian"]
[Black "Karjakin, Sergey"]
[Result "1/2-1/2"]
[WhiteElo "2776"]
[BlackElo "2773"]
[Annotator "TA"]
[PlyCount "64"]
[EventDate "2019.05.05"]
[EventType "tourn"]
[EventCountry "IVO"]
[SourceTitle "playchess.com"]
[Source "ChessBase"]
[SourceQuality "1"]

{[%evp 18,64,14,13,13,22,21,12,24,14,22,3,4,20,25,16,10,4,16,4,20,0,18,7,39,38,33,33,43,43,56,46,84,79,104,13,22,0,0,-4,0,0,0,0,0,0,0,0,0]} 1. e4 e5 2. Nf3 Nc6 3. Bb5 Nf6 4. O-O Nxe4 5. Re1 Nd6 6. Nxe5 Be7 7. Bf1 Nxe5 8. Rxe5 O-O 9. d4 Bf6 10. Re1 Re8 {C67: Ruy Lopez: Berlin Defence: 4 0-0 Nxe4} 11. c3 Rxe1 12. Qxe1 Ne8 13. d5 d6 (13... c6 14. Qd1 b6 15. Bf4 Bb7 16. dxc6 dxc6 17. Nd2 c5 18. Nc4 Qxd1 19. Rxd1 {½-½ (40) Anand,V (2774)-Caruana,F (2819) Karlsruhe/Baden Baden 2019}) 14. Na3 $146 ({Predecessor:} 14. Bd3 g6 15. Nd2 Ng7 16. h3 Bd7 17. g4 h5 18. Qe2 {0-1 (29) Ozturk,H (1816)-Abdumalik,Z (2333) Kocaeli 2014}) 14... Bf5 15. Nc4 a5 16. a4 Bd7 17. Be3 g6 18. Qd1 Ng7 19. f3 Nf5 20. Bf2 h5 21. Qb3 b6 22. Na3 Bg5 23. Re1 Bd2 24. Re4 Qg5 25. h4 Qh6 {[#]} 26. Qc4 ({Better is} 26. Bb5 $1 $16 {[%cal Rb5d7]} Bxb5 27. Nxb5) 26... Rc8 $11 {The position is equal.} 27. Nb5 {Threatens to win with Na7.} Be3 $1 28. Qe2 {[%cal Rf2e3]} Bxf2+ 29. Qxf2 Qc1 30. Re1 Qf4 31. Re4 $1 {[%cal Re4f4]} Qc1 32. Re1 Qf4 {Accuracy: White = 50%, Black = 58%.} 1/2-1/2

[Event "GCT Cote d Ivoire Blitz 2019"]
[Site "Abidjan"]
[Date "2019.05.12"]
[Round "12"]
[White "So, Wesley"]
[Black "Topalov, Veselin"]
[Result "1/2-1/2"]
[WhiteElo "2772"]
[BlackElo "2736"]
[Annotator "TA"]
[PlyCount "99"]
[EventDate "2019.05.05"]
[EventType "tourn"]
[EventCountry "IVO"]
[SourceTitle "playchess.com"]
[Source "ChessBase"]
[SourceQuality "1"]

{[%evp 14,99,18,0,12,27,13,-52,1,-18,0,-1,16,27,18,-75,-80,-84,0,0,0,-9,-6,-15,-15,-25,-6,-14,0,-111,-106,-126,-41,-70,-52,-68,-45,-206,-219,-221,-197,-214,-208,-213,-210,-205,-193,-190,-186,-218,-234,-264,-227,-293,-222,-278,-184,-188,-197,-191,60,-96,0,-65,-76,-56,0,0,116,-35,-11,-109,-118,-153,0,-97,0,-128,-16,-12,-12,-16,0,0,0,-10,0,0]} 1. e4 c5 2. Nc3 Nc6 3. Nf3 e5 4. Bc4 Be7 5. d3 Nf6 6. O-O d6 7. Ng5 O-O 8. f4 Bg4 {B30: Sicilian: 2...Nc6 3 Bb5, lines without ...g6} 9. Qe1 exf4 10. Rxf4 $146 (10. Bxf4 $11 h6 11. Nf3) ({Predecessor:} 10. Bxf4 Nd4 11. Qf2 h6 12. Nf3 Nxf3+ 13. gxf3 Bh3 14. Kh1 Nh5 15. Be3 Bh4 16. Qe2 Bxf1 17. Qxf1 {0-1 (51) Vachier Lagrave,M (2804)-Yu,Y (2729) Doha 2016}) 10... Bh5 (10... Ne5 $15) 11. Nf3 a6 12. a4 Bxf3 13. Rxf3 ({But not} 13. gxf3 Nh5 $17) 13... Nd4 $1 {[%csl LRc2,LRf3]} 14. Rf2 (14. Rh3 $1 $11) 14... Ng4 $17 15. Rf4 Ne5 (15... Nxc2 $17 16. Qd1 Nge3 17. Bxe3 Nxe3) 16. Qd1 $1 $11 Bg5 17. Rf2 Bxc1 18. Qxc1 Qh4 $36 {[%mdl 2048] White is under pressure.} 19. Rf4 Qg5 {White should prevent ...Nxc2!} 20. Rf2 Qh5 21. Qf4 {[#]} (21. h3 $11) 21... b5 $1 $17 {[%cal Rb5c4][%mdl 512]} 22. Bd5 {[#] Strongly threatening axb5.} (22. axb5 axb5) 22... Rab8 (22... Rae8 $1 $17 23. axb5 axb5) 23. axb5 $15 axb5 {[%cal Ba6b5,Bb5b4,Bb4b3][%mdl 32]} 24. Re1 b4 25. Nd1 $2 (25. Ne2 $1 $15) 25... b3 $19 26. c3 Nxd3 {[%mdl 64] Double Attack} 27. Qd2 Nxf2 28. Qxf2 Ne6 29. Ne3 Qg5 30. Rf1 Nc7 31. h4 Qe5 32. Bxf7+ Kh8 33. Nc4 Qe7 34. Qf4 Rbd8 {Hoping for ...Rd7.} 35. e5 dxe5 36. Nxe5 {[#]} Rd6 $2 ({Black should try} 36... Rd5 $1 $19 {[%mdl 512]} 37. Nc6 (37. Bxd5 Rxf4) 37... Qd6 38. Qxd6 Rxd6) 37. Qe3 $2 (37. Qe4 $1 $14 Re6 38. Bxe6 Rxf1+ 39. Kxf1 Qxe6 40. c4) 37... Qd8 (37... Qxh4 $17 38. Qxc5 Qd8) 38. Bxb3 ({Better is} 38. Qe2 $11) 38... Rxf1+ $15 39. Kxf1 {Nf7+ would kill now.} Rf6+ (39... Qf6+ $15 40. Kg1 c4 41. Nxc4 Re6) 40. Kg1 $11 {Black must now prevent Nf7+.} Qf8 (40... Qb8 $11 {remains equal.} 41. Nf7+ Kg8 42. Nh6+ {[%mdl 64] Discovered Attack (Double check)} Kh8 43. Nf7+ Kg8 44. Nh6+ {[%mdl 64] Discovered Attack (Double check)} Kh8 45. Nf7+) 41. Kh2 $2 (41. Bc4 $16) 41... g6 42. Kh3 (42. g3 $1 $11) 42... Qc8+ $17 43. Kh2 Qf8 ({Black should play} 43... Qb8 44. Nd7 Nd5+ {[%mdl 64] Discovered Attack} 45. Qg3 Qxb3) 44. Kh3 {Threatens to win with Nd7!} Qc8+ 45. Kh2 {Nf7+ is the strong threat.} Qf5 (45... Qb8 $17 46. Qxc5 Ne6) 46. Qxc5 $11 {The position is equal.} Qf4+ 47. Kh3 Qf5+ 48. Kh2 Qf4+ 49. Kh3 Qf5+ 50. Kh2 {Accuracy: White = 43%, Black = 40%.} 1/2-1/2

[Event "GCT Cote d Ivoire Blitz 2019"]
[Site "Abidjan"]
[Date "2019.05.12"]
[Round "12"]
[White "Wei, Yi"]
[Black "Amin, Bassem"]
[Result "1-0"]
[WhiteElo "2737"]
[BlackElo "2683"]
[Annotator "ChessBase"]
[PlyCount "113"]
[EventDate "2019.05.05"]
[EventType "tourn"]
[EventCountry "IVO"]
[SourceTitle "playchess.com"]
[Source "ChessBase"]
[SourceQuality "1"]
[TimeMode "Bronstein"]
[TimeControl "300+3"]

1. Nf3 {[%emt 0:00:00]} f5 {[%emt 0:00:00]} 2. d3 {[%emt 0:00:03]} Nc6 {[%emt 0:00:00]} 3. d4 {[%emt 0:00:06]} e6 {[%emt 0:00:03]} 4. g3 {[%emt 0:00:03]} Nf6 {[%emt 0:00:03]} 5. Bg2 {[%emt 0:00:03]} Be7 {[%emt 0:00:05]} 6. c4 {[%emt 0:00:04]} O-O {[%emt 0:00:05]} 7. O-O {[%emt 0:00:06]} d6 {[%emt 0:00:04]} 8. d5 {[%emt 0:00:28]} Ne5 {[%emt 0:00:10]} 9. Nd4 {[%emt 0:00:09]} Nxc4 {[%emt 0:00:27]} 10. dxe6 {[%emt 0:00:06]} g6 {[%emt 0:00:24]} 11. Bh6 {[%emt 0:00:24]} Re8 {[%emt 0:00:03]} 12. Qc1 {[%emt 0:00:09]} Ne5 {[%emt 0:00:11]} 13. Nc3 {[%emt 0:00:18]} c5 {[%emt 0:00:15]} 14. Nc2 {[%emt 0:00:17]} Bxe6 {[%emt 0:00:19]} 15. Bxb7 {[%emt 0:00:03]} Rb8 {[%emt 0:00:03]} 16. Bg2 {[%emt 0:00:03]} d5 {[%emt 0:00:11]} 17. Bf4 {[%emt 0:00:12]} Bd6 {[%emt 0:00:34]} 18. Bg5 {[%emt 0:00:28]} d4 {[%emt 0:00:12]} 19. Nd5 {[%emt 0:00:04]} Bxd5 {[%emt 0:00:25]} 20. Bxd5+ {[%emt 0:00:03]} Nf7 {[%emt 0:00:03]} 21. e3 {[%emt 0:00:18]} d3 {[%emt 0:00:11]} 22. Ne1 {[%emt 0:00:03]} Be5 {[%emt 0:00:06]} 23. Bxf7+ {[%emt 0:00:21]} Kxf7 {[%emt 0:00:03]} 24. Qc4+ {[%emt 0:00:21]} Qd5 {[%emt 0:00:03]} 25. Qxd5+ {[%emt 0:00:08]} Nxd5 {[%emt 0:00:03]} 26. Nxd3 {[%emt 0:00:03]} Bxb2 {[%emt 0:00:17]} 27. Rab1 {[%emt 0:00:20]} c4 {[%emt 0:00:04]} 28. Nxb2 {[%emt 0:00:12]} Nc3 {[%emt 0:00:03]} 29. Nxc4 {[%emt 0:00:07]} Rxb1 {[%emt 0:00:27]} 30. Nd6+ {[%emt 0:00:03]} Kf8 {[%emt 0:00:03]} 31. Rxb1 {[%emt 0:00:03]} Nxb1 {[%emt 0:00:03]} 32. Nxe8 {[%emt 0:00:04]} Kxe8 {[%emt 0:00:03]} 33. Bf6 {[%emt 0:00:05]} Kf7 {[%emt 0:00:05]} 34. Bd4 {[%emt 0:00:04]} a6 {[%emt 0:00:03]} 35. f3 {[%emt 0:00:03]} Nd2 {[%emt 0:00:04]} 36. Kf2 {[%emt 0:00:03]} Ke6 {[%emt 0:00:03]} 37. Ke2 {[%emt 0:00:05]} Nc4 {[%emt 0:00:03]} 38. Kd3 {[%emt 0:00:03]} Nd6 {[%emt 0:00:03]} 39. Bc5 {[%emt 0:00:05]} Nf7 {[%emt 0:00:03]} 40. Bd4 {[%emt 0:00:31]} Ng5 {[%emt 0:00:03]} 41. Ke2 {[%emt 0:00:03]} Kd5 {[%emt 0:00:03]} 42. h4 {[%emt 0:00:03]} Nf7 {[%emt 0:00:03]} 43. Kd3 {[%emt 0:00:03]} Nd6 {[%emt 0:00:04]} 44. Bc3 {[%emt 0:00:03]} h6 {[%emt 0:00:22]} 45. Bg7 {[%emt 0:00:03]} Nf7 {[%emt 0:00:04]} 46. Kc3 {[%emt 0:00:07]} g5 {[%emt 0:00:04]} 47. h5 {[%emt 0:00:03]} g4 {[%emt 0:00:03]} 48. e4+ {[%emt 0:00:08]} Ke6 {[%emt 0:00:07]} 49. fxg4 {[%emt 0:00:03]} fxg4 {[%emt 0:00:05]} 50. Kd4 {[%emt 0:00:04]} Kd6 {[%emt 0:00:10]} 51. e5+ {[%emt 0:00:03]} Ke6 {[%emt 0:00:04]} 52. Ke4 {[%emt 0:00:03]} a5 {[%emt 0:00:11]} 53. Kf4 {[%emt 0:00:03]} a4 {[%emt 0:00:04]} 54. a3 {[%emt 0:00:03]} Kd5 {[%emt 0:00:24]} 55. Kf5 {[%emt 0:00:03]} Ng5 {[%emt 0:00:05]} 56. Bxh6 {[%emt 0:00:03]} Nf3 {[%emt 0:00:05]} 57. Bf4 {[%emt 0:00:08]} 1-0

[Event "GCT Cote d Ivoire Blitz 2019"]
[Site "Abidjan"]
[Date "2019.05.12"]
[Round "13"]
[White "Vachier-Lagrave, Maxime"]
[Black "Amin, Bassem"]
[Result "1-0"]
[WhiteElo "2792"]
[BlackElo "2683"]
[Annotator "TA"]
[PlyCount "73"]
[EventDate "2019.05.05"]
[EventType "tourn"]
[EventCountry "IVO"]
[SourceTitle "playchess.com"]
[Source "ChessBase"]
[SourceQuality "1"]

{[%evp 15,73,4,13,6,13,-9,18,29,16,-4,0,0,0,0,0,-217,-218,-222,-222,-220,-225,-222,-230,-219,-218,-208,-207,-222,-209,-208,-188,-179,-174,-186,-179,-190,-198,-198,-184,-177,-135,-131,-130,-200,-188,-217,-131,-124,-7,-6,-6,-6,0,0,748,671,908,883,789,766]} 1. d4 Nf6 2. c4 e6 3. Nf3 Bb4+ 4. Nbd2 b6 5. g3 Bb7 6. Bg2 c5 7. dxc5 Bxc5 8. O-O O-O 9. b3 {E16: Queen's Indian: 4 g3 Bb7 5 Bg2 Bb4+} d5 (9... Be7 10. Bb2 d6 11. Nd4 Qc8 12. e4 Nc6 13. Qe2 Nd7 14. Rfd1 Re8 15. Rac1 Nxd4 16. Bxd4 Bc6 {½-½ (87) Matlakov,M (2700)-Karjakin,S (2753) St Petersburg 2018}) 10. Bb2 Nbd7 {[%cal Bb8d7,Bd7f6,Bf6e4][%mdl 32]} 11. Rc1 {The position is equal.} Qe7 $146 ({Predecessor:} 11... Rc8 12. e3 Qe7 13. cxd5 Bxd5 14. Nc4 Ne4 15. Nfd2 Ndf6 16. Nxe4 Nxe4 {1-0 (51) Akobian,V (2647)-Fedorchuk,S (2648) Riadh 2017}) 12. Nd4 Rfd8 13. cxd5 Nxd5 14. Ne4 N7f6 15. e3 $2 (15. Nxc5 $11 {and White is okay.} bxc5 16. Ba3) 15... Nxe4 $19 16. Bxe4 {[#]} Nxe3 $1 {[%mdl 512]} 17. Bxh7+ (17. fxe3 Bxe4) 17... Kxh7 18. Qh5+ Kg8 19. fxe3 Rd5 $1 {[%cal Rd5h5]} 20. Qg4 {Hoping for Nf5!} Rg5 21. Qh4 f6 22. b4 Bxb4 23. Nc6 Bxc6 $1 24. Rxc6 Bc5 {Threatens to win with ...Qd7.} 25. Qe4 Re8 26. Bd4 {[#]} Qd7 $1 {...Rd5 is the strong threat.} 27. Bxc5 {aiming for Rd6.} bxc5 28. Ra6 Re5 29. Qc2 (29. Qa4 $17 {was necessary.} Re7 30. Qxd7 Rxd7 31. Ra3) 29... Rc8 30. Rd1 Qb7 31. Rad6 Rd5 ({Black should play} 31... Qf3 $17 32. Rd8+ Rxd8 33. Rxd8+ Kf7 34. Rd7+ Kg8 35. Rd8+ Kf7 36. Rd7+ Kg8 37. Rd8+) 32. R1xd5 $1 $11 exd5 33. Qf5 Re8 34. Rd7 $36 {[%mdl 2048] White is more active.} Qc6 $2 {[%mdl 8192] [#]} (34... Re5 $11 35. Rxb7 Rxf5) 35. Qg4 $1 $18 {[%csl Gd7][%cal Rg4g7][%mdl 512] White is clearly winning.} g5 36. Qf5 {Intending Qh7+ and mate.} Kf8 37. Qh7 {Accuracy: White = 65%, Black = 64%.} 1-0

[Event "GCT Cote d Ivoire Blitz 2019"]
[Site "Abidjan"]
[Date "2019.05.12"]
[Round "13"]
[White "Ding, Liren"]
[Black "Nakamura, Hikaru"]
[Result "1/2-1/2"]
[WhiteElo "2786"]
[BlackElo "2805"]
[Annotator "TA"]
[PlyCount "43"]
[EventDate "2019.05.05"]
[EventType "tourn"]
[EventCountry "IVO"]
[SourceTitle "playchess.com"]
[Source "ChessBase"]
[SourceQuality "1"]

{[%evp 13,43,22,14,12,12,12,12,12,12,12,12,14,21,19,12,15,19,12,3,0,0,0,0,0,0,0,0,0,2,0,0,0]} 1. d4 $146 ({Predecessor:} 1. Nf3 Nf6 2. c4 e6 3. g3 d5 {½-½ (33) Gelfand,B (2733)-Ponomariov,R (2743) Olginka 2011}) 1... Nf6 2. c4 e6 3. Nf3 d5 4. g3 Be7 5. Bg2 O-O 6. O-O dxc4 7. Qc2 b5 {The position is equal.} 8. a4 {E05: Open Catalan: 5 Nf3 Be7} b4 9. Nfd2 c6 10. Nxc4 Qxd4 11. Rd1 Qc5 12. Be3 Qh5 13. Nbd2 {[%cal Bb1d2,Bd2f3,Bf3e5][%mdl 32]} Ng4 14. Nf3 Nxe3 15. Nxe3 a5 16. Nc4 Ba6 17. Nfe5 Bxc4 18. Nxc4 Ra7 19. Rac1 Qc5 20. Qe4 Rc7 21. Ne5 Qa7 22. Nxc6 {Accuracy: White = 97%, Black = 100%.} 1/2-1/2

[Event "GCT Cote d Ivoire Blitz 2019"]
[Site "Abidjan"]
[Date "2019.05.12"]
[Round "13"]
[White "Nepomniachtchi, Ian"]
[Black "Wei, Yi"]
[Result "1/2-1/2"]
[WhiteElo "2776"]
[BlackElo "2737"]
[Annotator "TA"]
[PlyCount "156"]
[EventDate "2019.05.05"]
[EventType "tourn"]
[EventCountry "IVO"]
[SourceTitle "playchess.com"]
[Source "ChessBase"]
[SourceQuality "1"]

{[%evp 13,156,12,17,12,11,10,9,15,26,26,33,25,27,28,23,15,14,-37,-38,-94,-90,-77,-15,-39,-40,-103,-21,-52,0,-14,0,-43,31,31,24,22,16,26,71,67,69,58,97,43,50,60,90,63,106,69,88,77,75,75,80,76,81,85,203,178,170,64,60,15,170,32,32,-134,0,0,0,0,0,0,0,-5,8,0,0,0,0,0,8,0,0,0,0,0,0,0,0,0,0,0,0,0,0,0,0,0,0,0,0,0,0,0,0,0,0,0,0,0,0,0,0,0,0,0,0,0,0,0,0,0,0,-8,0,0,-8,-8,0,0,0,0,0,0,0,0,0,0,0,0,0,0,0]} 1. e4 e5 2. Nf3 Nf6 3. Nxe5 d6 4. Nf3 Nxe4 5. Nc3 Nxc3 6. dxc3 Be7 7. Be3 O-O 8. Qd2 {C42: Petroff Defence: 3 Nxe5 and unusual White 3rd moves} Nd7 9. O-O-O Nf6 10. Bd3 d5 (10... c5 11. Rhe1 Be6 12. Bg5 d5 13. Qf4 Re8 14. Re5 Qc7 15. Qh4 h6 16. Bxh6 {½-½ (100) Navara,D (2739)-Gelfand,B (2655) Prague 2019}) 11. Rhe1 $146 ({Predecessor:} 11. Ne5 Be6 12. g4 c5 13. g5 Ne4 14. Qe2 Qc7 15. f4 Bd6 {½-½ (79) Mazibuko,K (1856)-Parodi,A (2027) Johannesburg 2017}) 11... Bg4 12. Bg5 Ne4 {[%cal Re7g5]} 13. Bxe4 dxe4 14. Bxe7 Qxe7 15. Qf4 (15. h3 $11 Rad8 16. Rxe4 Qxe4 17. Qxd8 Bxf3 18. gxf3 Qf4+ 19. Qd2 Qxf3 20. Qe3 Qxe3+ 21. fxe3) 15... f5 $15 16. h3 (16. Rd2 $15) 16... Bh5 $1 $36 {[%mdl 2112] Threatens to win with ...Qf6. Pin. Black is on the roll.} 17. Rd4 Qf7 (17... c5 $17 18. Rd6 Rae8) 18. Ne5 $11 Qxa2 19. Qg5 (19. Nd7 $15 Rf7 20. b3 Qa1+ 21. Kd2) 19... Bf7 ({Black should try} 19... Be8 $1 $17 20. Qe7 Qa1+ 21. Kd2 Qxb2 22. Qxc7 Bf7 23. Nxf7 Rxf7) 20. Nd7 $1 {[%cal Rd7f8]} h6 ({Better is} 20... Rfd8 $1 $15) 21. Qg3 Rfc8 22. Qe5 {[#]} Qe6 (22... c5 $1 $15 {[%mdl 512]} 23. Rd6 (23. Nxc5 b6) 23... Rc6 24. Rxc6 bxc6 25. Qxc5 Re8) 23. Qxe6 $14 Bxe6 24. Nc5 Kf7 25. Nxb7 Rab8 26. Nc5 Rb6 27. Ra4 Ra8 28. b3 (28. Ra5 $16) 28... Rc6 29. Ra5 Rd8 30. c4 Kf6 31. Nxe6 (31. f3 {looks sharper.} exf3 32. gxf3 Bf7 33. f4 Rd4 34. Nd3) 31... Rxe6 32. Rxa7 $16 {[%mdl 4096] Endgame KRR-KRR} Rd7 33. b4 {[%cal Bb3b4,Bb4b5][%mdl 32]} f4 34. b5 e3 35. fxe3 Rxe3 (35... fxe3 $16 36. c5 Rde7) 36. Rd1 Rde7 37. c5 (37. Kb2 $18) 37... R3e5 $1 $14 38. b6 cxb6 $2 (38... Rxc5 $11 39. b7 Rb5) 39. Rd6+ ({White must play} 39. cxb6 $18 Rxa7 40. bxa7) 39... R7e6 40. Rdd7 $2 (40. Rxb6 $14 {keeps the upper hand.} Rxc5 41. Rxe6+ Kxe6 42. Rxg7) 40... Rxc5 ({Black should play} 40... Re1+ $17 41. Kb2 g5) 41. Rf7+ {The position is equal.} Ke5 42. Rxg7 Rec6 43. Rae7+ Kf5 44. Re2 Rg6 45. Rf7+ Rf6 46. Rd7 Rg6 47. Rd4 Rc3 48. Rf2 Ke5 49. Rb4 Rf6 50. Kb2 Re3 51. Rd2 Rc6 52. Rf2 Rf6 53. Rb5+ Ke4 54. Rd2 Rg6 55. Rb4+ Ke5 56. Rb5+ Ke4 57. Rbd5 {[%csl Gd5][%cal Rd2d4]} Reg3 ({Resist} 57... Rxg2 58. R5d4+ Kf3 59. Rxg2 $17) 58. R5d4+ Ke5 59. Rd5+ Ke4 60. R2d4+ Ke3 61. Rb4 Rf6 62. Rd3+ Kf2 63. Rd2+ Kg1 64. Rdd4 Kxg2 {...f3 is the strong threat.} 65. Rxf4 Rxf4 66. Rxf4 Kxh3 $11 {aiming for ...Rg6. KR-KR} 67. Rf6 h5 68. Rxb6 h4 69. c4 Kg2 {And now ...h3 would win.} 70. c5 h3 {White must now prevent ...h2.} 71. c6 $1 Rg6 {Strongly threatening ...h2.} (71... Rg7 $5 72. Kc3 $8 Rg8 $11) 72. Ka2 h2 {[#]} 73. c7 $1 {[%mdl 512]} Rxb6 (73... Rg8 $5 {[%cal Rg8a8]} 74. Rb8 {[#]} Rxb8 $1 {[%mdl 512]} 75. cxb8=Q h1=Q $11) 74. c8=Q h1=Q 75. Qg4+ Kf1 76. Qd1+ Kg2 77. Qg4+ Kh2 {( -> ...Qa8+)} 78. Qh4+ Kg2 {Accuracy: White = 53%, Black = 51%.} 1/2-1/2

[Event "GCT Cote d Ivoire Blitz 2019"]
[Site "Abidjan"]
[Date "2019.05.12"]
[Round "13"]
[White "Karjakin, Sergey"]
[Black "So, Wesley"]
[Result "1/2-1/2"]
[WhiteElo "2773"]
[BlackElo "2772"]
[Annotator "TA"]
[PlyCount "142"]
[EventDate "2019.05.05"]
[EventType "tourn"]
[EventCountry "IVO"]
[SourceTitle "playchess.com"]
[Source "ChessBase"]
[SourceQuality "1"]

{[%evp 13,142,0,10,-15,-18,-14,-13,-29,-22,-13,-3,-29,-14,-48,-30,-30,-30,-33,-32,-37,-31,-46,-30,-41,-41,-54,-35,-52,-14,-30,-15,-40,-38,-47,-12,-102,-103,-106,-106,-106,-106,-100,-106,-116,-113,-131,-96,-103,-99,-104,-101,-116,-110,-121,-131,-168,-168,-238,-231,-242,-250,-261,-253,-231,-141,-143,0,0,0,0,0,0,59,33,66,39,79,72,120,112,112,108,141,139,110,0,2,2,59,0,0,0,0,0,11,0,59,0,0,0,255,0,0,0,255,0,0,0,0,0,0,0,0,0,0,0,0,0,0,134,134,0,215,0,0,0,0,0,0,0,0]} 1. Nf3 d5 2. e3 Nf6 3. c4 e6 4. b3 Be7 5. Bb2 O-O 6. Nc3 c5 7. cxd5 Nxd5 8. h4 {A13: English Opening: 1...e6} (8. Be2 b6 9. Nxd5 exd5 10. d4 a5 11. dxc5 bxc5 12. O-O Be6 13. Bb5 Qb6 14. Qe2 Nc6 15. Rac1 Rac8 {0-1 (47) Nakamura,H (2746)-Caruana,F (2832) London 2018}) 8... Nc6 9. Qb1 f5 10. Bb5 $146 ({Predecessor:} 10. g4 Nxc3 11. Bxc3 Bf6 12. gxf5 Bxc3 13. dxc3 Qf6 14. Qc2 Nb4 15. Qb2 b6 {1-0 (36) Mieles Palau,D (2334)-Munoz Sanchez,M (2246) Guayaquil 2019}) 10... Bd7 11. h5 Nf6 12. h6 g6 $1 13. O-O a6 14. Be2 Ng4 15. d4 cxd4 16. exd4 Nb4 ({Reject} 16... Nxh6 17. d5 $14) 17. d5 Bf6 ({Much weaker is} 17... Nxh6 $6 18. Rd1 $14) 18. dxe6 Bxe6 19. Na4 Rc8 20. Rd1 Qe7 (20... Nd5 $5 {[%cal Rb7b5]} 21. Bc4 b5 {[%mdl 64] Double Attack} 22. Bxf6 Rxf6 23. Bxd5 Bxd5 $15) 21. Bxf6 Qxf6 22. a3 Nd5 $36 {[%mdl 2048] Black has the initiative.} 23. Bc4 Nf4 (23... Rfd8 $5 {[%cal Rb7b5]} 24. Qb2 Qxb2 25. Nxb2 Nf4 $15) 24. Qb2 (24. Bxe6+ $11 {remains equal.} Qxe6 25. b4) 24... Bxc4 $17 25. bxc4 Qxb2 26. Nxb2 Nxh6 27. Rd7 Rf7 28. Rad1 Rc7 29. Rd8+ Rf8 30. Ng5 Nf7 31. Nxf7 Rcxf7 32. g3 Ne6 33. Rxf8+ Kxf8 {[%mdl 4096] Endgame KRN-KRN} 34. Rd6 Ke7 35. Rb6 (35. Rd2 $142) 35... Nc5 $19 36. Nd1 Rf6 37. Rb2 Rd6 38. Ne3 Kd7 39. Nd5 {[#]} Nd3 (39... b5 $1 $17 {[%mdl 512]} 40. Kf1 (40. cxb5 Rxd5) 40... bxc4 41. Nb6+ Kc6 42. Nxc4 Rd4) 40. Rxb7+ $11 Kd8 $1 41. Rxh7 Ne5 $1 42. Ne3 Rc6 (42... Rd3 $11) 43. Rg7 Ke8 44. Kf1 Kf8 45. Ra7 Nxc4 46. Nxc4 Rxc4 47. Rxa6 $16 {KR-KR} Kg7 48. Kg2 Rc3 49. f4 (49. Ra7+ $16 Kf6 50. a4) 49... Rc2+ 50. Kh3 Kh6 (50... Rc4 $11) 51. a4 (51. g4 $1 $14 Rc3+ 52. Kh4 fxg4 53. f5 (53. Kxg4 Kg7 $16)) 51... Ra2 52. a5 {[%cal Ba4a5,Ba5a6][%mdl 32]} Kg7 53. Ra8 Kh6 54. a6 {And now a7 would win.} Kg7 (54... Kh7 $1 $11) 55. g4 (55. a7 $14) 55... fxg4+ $11 56. Kxg4 Ra3 $2 {[%mdl 8192] [#]} (56... Ra4 $11) 57. Ra7+ $2 ({White must play} 57. f5 $1 $18) 57... Kf6 58. Ra8 Kf7 $2 {[%mdl 8192] [#]} (58... Kg7 $11 {and Black is okay.}) 59. Kg5 $2 (59. f5 $1 $18) 59... Ra5+ 60. Kh4 {a7 is the strong threat.} Kg7 61. Kg3 {Black must now prevent a7.} Ra3+ 62. Kf2 Kf7 63. Ke2 Kg7 64. Kd2 {Hoping for Kc2.} Ra4 $1 65. Ke3 Kf7 66. Kd3 ({Better is} 66. a7 $11 Ra3+ 67. Kd2) 66... Kg7 $16 67. Ke3 (67. a7 $16) 67... Kf7 $1 $18 68. Ra7+ $2 (68. a7 $18 {Threatens to win with Rh8.} Kg7 69. Kd2) 68... Kf6 $11 {The position is equal.} 69. Kf3 Kf5 70. Ke3 Ra3+ 71. Kf2 Kxf4 {Accuracy: White = 44%, Black = 58%.} 1/2-1/2